When Fans & Critics Disagree Quiz Stats

Quiz Updated Feb 9, 2018

Also try: Great Job, Disney
Challenge
Share
Tweet
Score 0/25 Timer 08:00
2 Plays Today
% Correct
Home Alone 2: Lost in New York
95.3%
King Kong
91.9%
Indiana Jones and the Kingdom of the Crystal Skull
90.5%
Transformers: Revenge of the Fallen
89.7%
Alvin and the Chipmunks
89%
Hook
87.8%
Paul Blart: Mall Cop 2
78%
Bad Boys II
74.4%
Spy Kids
73.8%
Grown Ups
73.7%
White Chicks
71.7%
Armageddon
69.4%
Pixels
69%
% Correct
Tommy Boy
55.9%
Joe Dirt
54.9%
A Night at the Roxbury
54.9%
Noah
52.2%
The Waterboy
49.8%
Batman v Superman: Dawn of Justice
48.6%
Resident Evil
47.2%
The Phantom of the Opera
46.9%
Hail, Caesar!
37.3%
The Number 23
32%
Sleeping with the Enemy
17.7%
The Odd Life of Timothy Green
10.9%

You're not logged in!

Compare scores with friends on all Sporcle quizzes.
Sign Up with Email
OR
Log In

You Might Also Like...

Show Comments

Extras

Top Quizzes Today


Score Distribution

Your Account Isn't Verified!

In order to create a playlist on Sporcle, you need to verify the email address you used during registration. Go to your Sporcle Settings to finish the process.

Report this User

Report this user for behavior that violates our Community Guidelines.

Details: